Tipo de pista - Statistics

Estatísticas Gerais
  • Esse quiz foi jogado 365 vezes
    346 desde o último reset
  • A pontuação média é 17 de 18
Estatísticas das Respostas
Pista Tipo (terra/ asfalto) % Correto
Faz. Caiapó Asfalto
98%
Faz. Amália Asfalto
97%
Leme Asfalto
97%
Araras Asfalto
97%
S. J. do Rio Pardo Asfalto
95%
São João da Boa Vista Asfalto
95%
Tambaú Terra
95%
Ademar Ribeiro ou SRP4 Terra
95%
Mococa Terra
95%
Vargem Grande do Sul Terra
95%
Jacuba Terra
95%
Usina Cresciumal Terra
95%
Faz. Boa Vista Rocheto Terra
93%
Casa Branca Terra
93%
Usina São Luís ou Abengoa Terra
93%
Laranjal Terra
93%
Faz. Retiro Terra
93%
Faz. Monte Cristo Terra
93%
Nenhum quiz correspondente encontrado
Distribuição das Pontuações
Porcentagem de Pessoas com Cada Pontuação
Percentil de Números Respondidos
Sua Pontuação Histórica
Você não jogou esse quiz desde o último reset